Statistics for Historical Events and Figures #3

Click here to take the quiz!

General Stats

  • This quiz has been taken 15 times
  • The average score is 4 of 20

Answer Stats

DescriptionAnswer% Correct
Former president of the Republic of China who moved to Taiwan after being overthrownChiang Kai Shek
67%
Strengthened the French monarchy while serving as chief minister to Louis XIIICardinal Richelieu
47%
Insurance company and market in London founded in 1686Lloyd's of London
47%
Became one of the wealthiest people in the 19th century by being a railroad magnateCornelius Vanderbilt
40%
First woman elected as a running mate for a major party in the U.S.Geraldine Ferraro
33%
First Hispanic Supreme Court justice, appointed by ObamaSonia Sotomayor
33%
Female architect who designed the Vietnam War and Civil Rights memorialsMaya Lin
27%
Founder of the Qin dynasty and the first emperor of an unified ChinaQin Shi Huang
27%
Dutch philosopher who criticized the Bible and wrote the work "Ethics"Baruch Spinoza
13%
Made Sweden a greater power in the 17th centuryGustavus Adolphus
13%
American dancer who revolutionized interpretive danceIsadora Duncan
13%
The first American woman to earn a Nobel Peace Prize for her support of the settlement house movementJane Addams
13%
A period of Dutch history where tulip prices rose and fell quicklyTulip Mania
13%
Revolt in China where an anti-foriegner group tries to overthrow the governmentBoxer Rebllion
0%
Claimed the throne during confusion after the death of Ivan the TerribleFalse Dmitry I
0%
General for communist China that helped his side win the Chinese Civil WarLin Biao
0%
A French ballet play written by MolieveThe Imaginary Invalid
0%
The ending of the Rurik dynasty and established the Romanov dynastyTime of Troubles
0%
A series of battles fought between England, Scotland, and IrelandWars of the Three Kingdoms
0%
Executions that happened during the 30 Years WarWurzburg Witch Trials
0%

Score Distribution

Percentile by Number Answered

Percent of People with Each Score

Your Score History

You have not taken this quiz